| Поле | Инд. | ПП | Название | Значение |
|---|---|---|---|---|
| Тип записи | a | |||
| Библиографический уровень | a | |||
| 001 | Контрольный номер | RU/IS/BASE/439661881 | ||
| 005 | Дата корректировки | 20150513113542.5 | ||
| 040 | a | Служба первич. каталог. | НБ ТвГУ | |
| b | Код языка каталог. | rus | ||
| e | Правила каталог. | PSBO | ||
| 041 | 0_ | a | Код языка текста | rus |
| 098 | b | Факультет | Иностранных языков и международной коммуникации | |
| c | Кафедра | французской филологии | ||
| 100 | 1_ | a | Автор | Рулева Д. М. |
| 245 | 10 | a | Заглавие | Метафора как источник обогащения французского словаря |
| c | Ответственность | науч. рук. О. В. Осипова | ||
| 260 | a | Место издания | Тверь | |
| b | Издательство | Тверской государственный университет | ||
| c | Дата издания | 2012 | ||
| 504 | a | Библиография | Библиогр.: с. 111 (3 назв.) | |
| 520 | a | Аннотация | В статье рассматривается метафора как источник пополнения французского словаря. | |
| 653 | a | Ключевые слова | Труды Тверского государственного университета | |
| 653 | 1_ | a | Ключевые слова | Метафора |
| 653 | 1_ | a | Ключевые слова | Французский словарь |
| 653 | 1_ | a | Ключевые слова | Источник обогащения |
| 653 | 1_ | a | Ключевые слова | Лингвистика |
| 653 | 1_ | a | Ключевые слова | Слова |
| 700 | 1_ | a | Другие авторы | Осипова Ольга Владимировна |
| e | Роль лиц | науч. рук. | ||
| 773 | 08 | w | Контрольный № источника | RU/IS/BASE/413541132 |
| t | Название источника | Диалог языков и культур: лингвистические и лингводидактические аспекты | ||
| d | Место и дата издания | Тверь : Тверской государственный университет, 2012 | ||
| g | Прочая информация | Вып. 4. - С. 109-111 | ||
| 901 | t | Тип документа | a | |
| 920 | a | Оператор | Нови |